01943cam a22004095i 4500999001700000001000800017003000900025005001700034008004100051020003500092020003100127035002100158040003800179082002100217245013800238264011900376264001000495300004000505336002600545337002800571338002700599490003800626500011600664504004100780520023100821650003601052650003801088650002701126653003401153655001701187700003501204700005501239700004801294730003201342942001201374952014701386 c27855d278264982534EG-ScBUE20191126102110.0981119t19991999maua f b 000 0 eng d a0262611449 (pbk. : alk. paper) a9780262611442 (alk. paper) a(DLC) 98050302 aDLCbengerdacDLCdDLCdEG-ScBUE04a327.101bEXP22200aExploration and contestation in the study of world politics /cedited by Peter J. Katzenstein, Robert O. Keohane, Stephen D. Krasner. 1aCambridge, Massachusetts ;aLondon :bMassachusetts Institute of Technology and IO Foundation (MIT Press),c[1999] 4cc1999 a421 pages :billustrations ;c23 cm 2rdacontentatextbtxt 2rdamediaaunmediatedbn 2rdacarrieravolumebnc0 aInternational Organization reader aOriginally published in International organization, ISSN 0162-2889 [i.e. 0020-8183], v. 52, no. 4, autumn 1998. aIncludes bibliographical references. aNew insights into the interplay between conflict and cooperation, the impact of domestic political structures on foreign policy, the role of institutions, and the influence of worldviews and causal beliefs on decision-making.  7aInternational relations.2BUEsh 7aInternational cooperation.2BUEsh 7aWorld politics.2BUEsh bMASPPSSbBUSBOLcNovember2019 vReading book1 aKatzenstein, Peter J.eeditor.1 aKeohane, Robert O.q(Robert Owen),d1941-eeditor.1 aKrasner, Stephen D.,d1942-eeditor.9340730 aInternational organization. 2ddccBB 00102ddc40708BaccahaMAINbMAINc1STd2019-11-26ePurchaseg190.00l0o327.101 EXPp000048360r2025-07-15 00:00:00v237.50w2019-11-26yBB